|
|
|
|
| LEADER |
00000nas a2200000 a 4500 |
| 001 |
ssj0057283 |
| 003 |
WaSeSS |
| 005 |
20200512172242.0 |
| 006 |
m d |
| 007 |
cr n |
| 008 |
061219c19979999ck uu pss 0 0spa c |
| 010 |
|
|
|a 2010243624
|
| 016 |
7 |
|
|a 101270452
|2 DNLM
|
| 035 |
|
|
|a (WaSeSS)ssj0057283
|
| 040 |
|
|
|a OCLCS
|b eng
|c OCLCS
|d OCLCS
|d NTE
|d OCLCQ
|d NLM
|d OCLCQ
|d OCLCF
|d OCLCQ
|d OCLCO
|d OCLCQ
|d OCLCO
|d OCLCQ
|d WT2
|d OCLCO
|d OCLCA
|d OCLCQ
|d WYU
|d OCLCA
|d VT2
|d OCLCQ
|d WaSeSS
|
| 042 |
|
|
|a pcc
|
| 050 |
|
4 |
|a QH332
|
| 060 |
1 |
0 |
|a W1
|
| 130 |
0 |
|
|a Persona y bioética (Online)
|
| 210 |
1 |
0 |
|a Pers Bioet
|2 dnlm
|
| 245 |
1 |
0 |
|a Persona y bioética
|h [electronic resource].
|
| 260 |
|
|
|a Chía, Cundinamarca, Colombia :
|b Universidad de la Sabana
|
| 310 |
|
|
|a Two no. a year,
|b 2005-
|
| 321 |
|
|
|a Quarterly
|
| 321 |
|
|
|a Three issues yearly
|
| 362 |
1 |
|
|a Began with no. 1 (1997).
|
| 506 |
|
|
|a License restrictions may limit access.
|
| 588 |
0 |
|
|a No. 1 (1997); title from HTML header (publisher's Web site, viewed Aug. 20, 2010).
|
| 588 |
1 |
|
|a Vol. 13, no. 2 (2009) (viewed Aug. 20, 2010).
|
| 650 |
|
0 |
|a Bioethics
|v Periodicals.
|
| 650 |
1 |
2 |
|a Bioethical Issues.
|
| 650 |
2 |
2 |
|a Bioethics.
|
| 650 |
|
7 |
|a Bioethics.
|2 fast
|0 (OCoLC)fst00832038
|
| 655 |
|
0 |
|a Electronic journals.
|
| 776 |
0 |
8 |
|i Print version:
|t Persona y bioética
|x 0123-3122
|w (OCoLC)70680741
|
| 856 |
4 |
0 |
|z Full text available from PRISMA Database with HAPI Index: 07/01/2009 to 07/31/2016
|u https://search.proquest.com/publication/366358
|